000 00519nmm a2200169Ia 4500
008 251105s9999||||xx |||||||||||||||||und||
020 _a9786123184148
041 _aspa
100 _aPacora Cabrera, Luis Alexander
245 0 _aSabor peruano :
_b Travesías musicales
264 _a[Lima, Peru] :
_bUniversidad Peruana de Ciencias Aplicadas (UPC),
_c2022
300 _a346 páginas
490 _aEstudios y ensayos
650 _aCooking
856 _uhttps://public.digitaliapublishing.com/a/124777
942 _cCF
999 _c76024
_d76024